Statistics for Every Taylor Swift song from every album

Click here to take the quiz!

General Stats

  • This quiz has been taken 18 times
  • The average score is 53 of 205

Answer Stats

Answer% Correct
red
79%
Fearless
71%
Picture to Burn
71%
speak now
64%
Tim McGraw
64%
all too well
57%
love story
57%
Me
57%
ours
57%
ready for it?
57%
cruel summer
50%
enchanted
50%
fifteen
50%
haunted
50%
look what you made me do
50%
lover
50%
mean
50%
mine
50%
Our song
50%
Shouldve said no
50%
you belong with me
50%
22
43%
august
43%
back to december
43%
bad blood
43%
better than revenge
43%
dear john
43%
delicate
43%
hey stephen
43%
i know places
43%
Im only me when im with you
43%
innocent
43%
Invisible
43%
Marys song
43%
paper rings
43%
sparks fly
43%
the 1
43%
the story of us
43%
Tied together with a smile
43%
willow
43%
A place in this world
36%
blank space
36%
cardigan
36%
change
36%
dress
36%
getaway car
36%
gorgeous
36%
karma
36%
long live
36%
out of the woods
36%
shake it off
36%
state of grace
36%
Stay beautiful
36%
stay stay stay
36%
style
36%
Teardrops on my guitar
36%
the archer
36%
the man
36%
timeless
36%
white horse
36%
afterglow
29%
all you had to do was stay
29%
anti hero
29%
bejeweled
29%
better man
29%
betty
29%
breathe
29%
cornelia street
29%
daylight
29%
dont blame me
29%
end game
29%
false god
29%
forever winter
29%
i can see you
29%
i did something bad
29%
jump then fall
29%
king of my heart
29%
london boy
29%
midnight rain
29%
never grow up
29%
new romantics
29%
ronan
29%
run
29%
superman
29%
thats when
29%
the best day
29%
The outside
29%
this love
29%
treacherous
29%
wildest dreams
29%
youre not sorry
29%
babe
21%
bye bye baby
21%
call it what you want
21%
clean
21%
come in with the rain
21%
death by a thousand cuts
21%
dont you
21%
everything has changed
21%
foolish one
21%
forever and always
21%
hoax
21%
holy ground
21%
i bet you think about me
21%
if this was a movie
21%
i knew you were trouble
21%
illicit affairs
21%
ivy
21%
i wish you would
21%
lavender haze
21%
maroon
21%
mirrorball
21%
mr perfectly fine
21%
no body, no crime
21%
paris
21%
peace
21%
seven
21%
snow on the beach
21%
so it goes
21%
superstar
21%
tell me why
21%
the last great american dynasty
21%
the last time
21%
the lucky one
21%
the other side of the door
21%
the way i loved you
21%
untouchable
21%
vigilante shit
21%
welcome to new york
21%
wonderland
21%
youre on your own kid
21%
A perfectly good heart
14%
As cold as you
14%
castles crumbling
14%
champagne problems
14%
come back be here
14%
cowboy like me
14%
dancing with our hands tied
14%
dear reader
14%
electric touch
14%
epiphany
14%
evermore
14%
glitch
14%
happiness
14%
hits different
14%
how you get the girl
14%
i almost do
14%
i dont wanna live forever
14%
i forgot that you existed
14%
invisible string
14%
its time to go
14%
last kiss
14%
long story short
14%
mad woman
14%
mastermind
14%
my tears ricochet
14%
new years day
14%
nothing new
14%
sad beautiful
14%
safe and sound
14%
soon youll get better
14%
the lakes
14%
the very first night
14%
this is why we cant have nice things
14%
tis the damn season
14%
today was a fairytale
14%
tolerate it
14%
we are never ever getting back together
14%
we were happy
14%
when emma falls in love
14%
you are in love
14%
you need to calm down
14%
all of the girls you loved before
7%
bigger than the whole sky
7%
Christmases when you were mine
7%
christmas must be something more
7%
closure
7%
dorothea
7%
eyes open
7%
girl at home
7%
gold rush
7%
high infedelity
7%
i think he knows
7%
its nice to have a friend
7%
Last Christmas
7%
marjorie
7%
miss americana and the heartbreak prince
7%
question
7%
right where you left me
7%
Santa baby
7%
Silent night
7%
sweet nothing
7%
the great war
7%
the moment i knew
7%
this is me trying
7%
White christmas
7%
coney island
0%
crazier
0%
exile
0%
labryinth
0%
message in a bottle
0%
sweeter than fiction
0%
wouldve couldve shoudlve
0%
you all over me
0%

Score Distribution

Percentile by Number Answered

Percent of People with Each Score

Your Score History

You have not taken this quiz